Administrative reforms in India (Record no. 382438)

000 -LEADER
fixed length control field 00368cam a22001337a 4500
008 - FIXED-LENGTH DATA ELEMENTS--GENERAL INFORMATION
fixed length control field 180718b1997 xxu||||| |||| 00| 0 eng d
020 ## - INTERNATIONAL STANDARD BOOK NUMBER
International Standard Book Number 8185565783
082 ## - DEWEY DECIMAL CLASSIFICATION NUMBER
Classification number B3 P212
100 ## - MAIN ENTRY--PERSONAL NAME
Personal name Paranjpe, Nalini
245 ## - TITLE STATEMENT
Title Administrative reforms in India
Statement of responsibility, etc. by Nalini Paranjpe
260 ## - PUBLICATION, DISTRIBUTION, ETC.
Place of publication, distribution, etc. New Delhi
Name of publisher, distributor, etc. UPPAL
Date of publication, distribution, etc. 1997
300 ## - PHYSICAL DESCRIPTION
Extent 139p.
650 ## - SUBJECT ADDED ENTRY--TOPICAL TERM
Topical term or geographic name entry element Administrative reforms -India
Holdings
Withdrawn status Lost status Damaged status Not for loan Permanent Location Current Location Date acquired Full call number Barcode Date last seen Price effective from Koha item type
        Indian Institute of Public Administration Indian Institute of Public Administration 1997-11-20 B3 P212 72506 2018-07-21 2018-07-21 Book

Powered by Koha